Transport phenomena in metallurgy (Record no. 11831)
[ view plain ]
| 000 -LEADER | |
|---|---|
| fixed length control field | 00918nam a2200253 4500 |
| 001 - CONTROL NUMBER | |
| control field | 329954 |
| 005 - DATE AND TIME OF LATEST TRANSACTION | |
| control field | 19730813000000.0 |
| 008 - FIXED-LENGTH DATA ELEMENTS--GENERAL INFORMATION | |
| fixed length control field | 730807s1973 maua b 001 0 eng |
| 010 ## - LIBRARY OF CONGRESS CONTROL NUMBER | |
| LC control number | 75164648 |
| 040 ## - CATALOGING SOURCE | |
| Original cataloging agency | DLC |
| Transcribing agency | DLC |
| Modifying agency | DLC |
| 050 00 - LIBRARY OF CONGRESS CALL NUMBER | |
| Classification number | TN673 |
| Item number | .G37 |
| 082 00 - DEWEY DECIMAL CLASSIFICATION NUMBER | |
| Classification number | 669 |
| Item number | GEI |
| 100 1# - MAIN ENTRY--PERSONAL NAME | |
| Personal name | Geiger, Gordon Harold, |
| Dates associated with a name | 1937- |
| 9 (RLIN) | 6171 |
| 245 10 - TITLE STATEMENT | |
| Title | Transport phenomena in metallurgy |
| Statement of responsibility, etc | [by] G. H. Geiger [and] D. R. Poirier. |
| 260 ## - PUBLICATION, DISTRIBUTION, ETC. (IMPRINT) | |
| Place of publication, distribution, etc | Reading, Mass., |
| Name of publisher, distributor, etc | Addison-Wesley Pub. Co., |
| Date of publication, distribution, etc | 1973 |
| 300 ## - PHYSICAL DESCRIPTION | |
| Extent | xxi, 616 p. |
| Other physical details | illus. |
| Dimensions | 25 cm. |
| 490 0# - Series Statement | |
| Series statement | Addison-Wesley series in metallurgy and materials |
| 504 ## - BIBLIOGRAPHY, ETC. NOTE | |
| Bibliography, etc | Includes bibliographical references. |
| 650 #0 - SUBJECT ADDED ENTRY--TOPICAL TERM | |
| Topical term or geographic name as entry element | Metallurgy. |
| 9 (RLIN) | 6172 |
| 650 #0 - SUBJECT ADDED ENTRY--TOPICAL TERM | |
| Topical term or geographic name as entry element | Transport theory. |
| 9 (RLIN) | 6173 |
| 700 1# - ADDED ENTRY--PERSONAL NAME | |
| Personal name | Poirier, D. R., |
| Relator term | joint author. |
| 9 (RLIN) | 6174 |
| 942 ## - ADDED ENTRY ELEMENTS (KOHA) | |
| Source of classification or shelving scheme | Dewey Decimal Classification |
| Item type | Book - Borrowing |
| Withdrawn status | Item status | Source of classification or shelving scheme | Damaged status | Not for loan | Vendor | Home library | Current library | Shelving location | Date acquired | Source of acquisition | Cost, normal purchase price | Total Checkouts | Full call number | Barcode | Date last seen | Koha item type |
|---|---|---|---|---|---|---|---|---|---|---|---|---|---|---|---|---|
| Dewey Decimal Classification | Alef-Baa | Central Library | Central Library | First floor | 14/06/2009 | 150.00 | 669 GEI | 000016815 | 15/07/2025 | Book - Borrowing |